| 000 | 00540 a2200205 4500 | ||
|---|---|---|---|
| 999 |
_c6993 _d6993 |
||
| 020 | _a9780409019698 | ||
| 050 | _aKTL1050 CIL 1992 | ||
| 100 |
_aCillier HS _eauthor |
||
| 245 |
_aCorporate law/ _cHS Clliers |
||
| 250 | _a2nd | ||
| 264 |
_aDurban : _bButterworths, _c1992 |
||
| 300 |
_a797p. _bill. |
||
| 500 | _aIncludes index, | ||
| 650 | _aCorporate law | ||
| 700 |
_aML Benade _eauthor |
||
| 700 |
_a J J Henning _eauthor |
||
| 700 |
_aJJ Du Plessis _eauthor |
||
| 700 |
_aP A Delport _eauthor |
||
| 942 |
_2lcc _cBK _e2nd _h1050 _iCIL _kKTL |
||